ბათუმის შოთა რუსთაველის სახელმწიფო უნივერსიტეტის ბიბლიოთეკა

გაზეთ ”ინდუსტრიული ქუთაისის” ანალიტიკური ბიბლიოგრაფია, 1939-1940 წწ. / (ბიბ.ჩანაწერი № 61521)

000 -ლიდერი
ფიქსირებული სიგრძის საკონტროლო ველი 02142nam a22002657a 4500
003 - საკონტროლო ნომრის იდენტიფიკატორი
საკონტროლო ველი Ge_BSU
005 - ბოლო ოპერაციის თარიღი და დრო
საკონტროლო ველი 20240321130623.0
008 - ფიქსირებული სიგრძის მონაცემთა ელემენტები - ზოგადი ინფორმაცია
ფიქსირებული სიგრძის საკონტროლო ველი 240321s2017ge xxu||||| |||| 00| 0 geo d
020 ## - წიგნის საერთაშორისო სტანდარტული ნომერი
International Standard Book Number 9789941274084
041 ## - ენის კოდი
Language code of text/sound track or separate title geo
080 ## - უნივერსალური ათობითი კლასიფიკაციის ინდექსი
Universal Decimal Classification number 070.22(479.22) გ-15
245 ## - ცნობა სათაურის შესახებ
Title გაზეთ ”ინდუსტრიული ქუთაისის” ანალიტიკური ბიბლიოგრაფია, 1939-1940 წწ. /
Statement of responsibility, etc სარედაქციო საბჭო: ცაგური ფორჩხიძე, მანანა ნემსაძე, ირმა გელოვანი [და სხვ.] ; დიზაინი გელა ღაჭავა.
264 ## - წარმოების, გამოცემის, დისტრიბუციის და სხვა ცნობები
გამოცემის, წარმოების, დისტრიბუციის... ადგილი ქუთაისი:
გამოცემის, წარმოების, დისტრიბუციის... სახელწოდება გამ-ბა ”სამშობლო”,
გამოცემის, წარმოების, დისტრიბუციის... თარიღი 2017.
300 ## - ფიზიკური აღწერა
Extent 1092 გვ. ;
Other physical details 29 სმ.
500 ## - ზოგადი შენიშვნა
General note გამოცემა დაფინანსებულია ქ. ქუთაისის მუნიციპალიტეტის მერიის კულტურის, სპორტის, განათლების, ძეგლთა დაცვისა და ახალგაზრდობის საქმეთა სამსახურის მიერ
501 ## - შენიშვნა თანმხლებ მასალაზე
With note სახელთა საძიებელი: გვ. 779-1072.
გეოგრაფიულ სახელთა საძიებელი: გვ. 1073-1088.
653 ## - INDEX TERM--UNCONTROLLED
Uncontrolled term ქართული პრესის ბიბლიოგრაფია.
653 ## - INDEX TERM--UNCONTROLLED
Uncontrolled term ქართული გაზეთები.
700 ## - ADDED ENTRY--PERSONAL NAME
Personal name ფორჩხიძე, ცაგური
Relator term სარედაქციო საბჭო
9 (RLIN) 21515
700 ## - ADDED ENTRY--PERSONAL NAME
Personal name ნემსაძე, მანანა
Relator term სარედაქციო საბჭო
9 (RLIN) 21516
710 ## - ADDED ENTRY--CORPORATE NAME
Corporate name or jurisdiction name as entry element გელოვანი, ირმა
Subordinate unit სარედაქციო საბჭო
9 (RLIN) 21517
711 ## - ADDED ENTRY--MEETING NAME
Meeting name or jurisdiction name as entry element ქუთაისის ილია ჭავჭავაძის სახ. საჯარო ბიბლიოთეკა
9 (RLIN) 21518
773 ## - HOST ITEM ENTRY
Title ნაჩუქარი
942 ## - ADDED ENTRY ELEMENTS (KOHA)
Source of classification or shelving scheme
Koha item type წიგნი
ეგზემპლარები
ჩამოწერის სტატუსი დაკარგული ეგზემპლარის სტატუსი კლასიფიკაციის წყარო ან თაროზე გაწყობის სქემა დაზიანების სტატუსი არ გაიცემა მუდმივი მდებარეობა (დაცვის ადგილი) ამჟამინდელი ადგილსამყოფელი შეძენის თარიღი ღირებულება, შესყიდვის ნორმალური ფასი სრული შენახვის შიფრი შტრიხკოდი ბოლო ოპერაციის თარიღი ეგზემპლარის მიმდევრობითი ნომერი (კეტერი?) ფასის ძალაში შესვლის თარიღი ეგზემპლარის სახეობა საჯარო შენიშვნა
          ბათუმის შოთა რუსთაველის სახელმწიფო უნივერსიტეტის მთავარი ბიბლიოთეკა ბათუმის შოთა რუსთაველის სახელმწიფო უნივერსიტეტის მთავარი ბიბლიოთეკა 2024-03-21 15.00 070.22(479.22) გ-15 67698 2024-03-21 67698 2024-03-21 წიგნი 15.00